000 00438nmm a2200157Ia 4500
008 251105s9999||||xx |||||||||||||||||und||
020 _a9788416842681
041 _aspa
100 _aAndrés Cabello, Sergio
245 0 _aLa España en la que nunca pasa nada
264 _a[Madrid, España] :
_bFoca,
_c2021
300 _a256 páginas
650 _aSociology
856 _uhttps://public.digitaliapublishing.com/a/83802
942 _cCF
999 _c78038
_d78038